000
00300nam a2200109Ia 4500
005
20251222141757.0
008
251222s9999||||xx |||||||||||||| ||spa||
082
_a
869.568/V19A/1989
100
_a
"Valdelomar, Abraham"
245
0
_a
"El caballero Carmelo: Otros cuentos, poemás y ensayos"
942
_c
LIB
999
_c
6025
_d
6025